1939'da Halkevleri (Record no. 7405)

MARC details
000 -BAŞLIK
Sabit Uzunlukta Kontrol Alanı 00699na a2200253 4500
001 - KONTROL NUMARASI
Denetim Alanı 22036
003 - KONTROL NUMARASI IDENTIFIER
Denetim Alanı MIRAKIL
005 - SON İŞLEM TARİHİ VE ZAMANI
Denetim Alanı 20181213155137.0
008 - SABİT-BOY VERİ ELEMANLARI - GENEL BİLGİLER
Sabit Uzunlukta Kontrol Alanı 170210b tu 000 0
035 ## - SİSTEM KONTROL NUMARASI
Sistem Kontrol Numarası 22036
040 ## - KATALOGLAMA KAYNAK
Orijinal Kataloglama Ajansı Milas
Kataloglama Dili tur
Metne Dönüştürmek Ajansı TR-AnCHP
041 ## - DİL KODU
Metin / Ses Parça Veya Ayrı Başlığın Dil Kodu tur
082 ## - DEWEY ONLU SINIFLANDIRMA NUMARASI
Sınıflandırma Numarası Halkevleri 366
Ürün Numarası C36b 1939
090 ## - SINIFLAMA NUMARASI
Sınıflama Numarası Halkevleri 366 C36b 1939
110 ## - ANA GİRİŞ - KURUMSAL ADI
Giriş Elemanı Olarak Kurumsal Ad Veya Yargı Alanı Adı Cumhuriyet Halk Partisi (CHP)
245 ## - BAŞLIK TABLOSU
Başlık 1939'da Halkevleri
Sorumluluk Tablosu, Vb C. H. P.
246 ## - UNVAN FORM VARYING
Başlık Doğru / Kısa Başlığı Halkevleri ve halkodaları
260 ## - YAYIN, DAĞITIM, VB
Yayın, Dağıtım, Vb Yeri Ankara
Yayıncı, Dağıtıcı, Vs Adı Recep Ulusoğlu Basımevi
Yayın, Dağıtım, Vb Tarihi 1939
300 ## - FİZİKSEL TANIM
Kapsam 28 s.
Boyutlar 24 sm.
610 ## - KONU KATMA GİRİŞ - TOPLANTI ADI
Giriş Elemanı Olarak Kurumsal Ad Veya Yargı Alanı Adı CHP
Genel Alt Bölüm Halkevleri
650 ## - KONU KATMA GİRİŞ - TOPİKAL DÖNEM
Topikal Süreli Veya Coğrafi Ad Giriş Elemanı Halkevleri
Genel Alt Bölümü Çalışmalar, 1939
942 ## - EKLENDİ GİRİŞ ELEMANLARI (KOHA)
Sınıflandırma Veya Raf Düzeni Kaynak
Koha Öğesi Türü Books
999 ## - SİSTEM KONTROL NUMARALARI (KOHA)
Koha Biblionumber 7405
Koha Biblioitemnumber 7405
Holdings
Kalıcı Konum Mevcut Konum Edinme Tarihi Edinim Kaynak Toplam Check-Out'Lar Tam Çağrı Numarası Barkod Tarih Son Görülme İtibaren Geçerli Fiyatlar Sigara Kamu Notu Koha Öğesi Türü
CHP Kütüphanesi CHP Kütüphanesi 02/10/2017 Bağış   Halkevleri 366 C36b 1939 016000 02/10/2017 02/10/2017 Fotokopi Books